Wordt geladen...

Textbook of environmental Science

This book has exposure to basic consept of environment in multidiamensional aspects, and Questions at the end of each chapters.

Bibliografische gegevens
Hoofdauteur: Anil Kumar De
Andere auteurs: Arnab Kumar De
Formaat: Printed Book
Gepubliceerd in: New Delhi Scientific International Pvt. Ltd.
Onderwerpen:
LEADER 00814nam a22002057a 4500
020 |a 978-93-81714-54-6 
082 |a 577.14 
100 |a Anil Kumar De. 
245 |a Textbook of environmental Science 
260 |a New Delhi  |b Scientific International Pvt. Ltd. 
300 |a 151 
500 |a Environmental Science Natural Processes Environmental Pollution 
520 |a This book has exposure to basic consept of environment in multidiamensional aspects, and Questions at the end of each chapters. 
650 |a Environmental Science 
650 |a Natural Processes 
650 |a Environmental Pollution 
700 |a Arnab Kumar De 
942 |c BK 
999 |c 168117  |d 168117 
952 |0 0  |1 0  |4 0  |6 577_140000000000000_ANI_TE  |7 0  |9 172336  |a KAUCOAP  |b KAUCOAP  |d 2015-02-12  |o 577.14 ANI/TE  |p KAU_COAP09269  |r 2015-02-12  |w 2015-02-12  |y BK